[Event "Muensterland Regionalliga Gr1 2223"]
[Site "Germany"]
[Date "2023.02.25"]
[Round "7.2"]
[White "Henneberger, Sven"]
[Black "Bernink, Henk"]
[Result "1-0"]
[WhiteElo "2059"]
[BlackElo "2012"]
[PlyCount "75"]
[EventDate "2022.09.03"]
[EventType "team-tourn"]
[EventRounds "7"]
[EventCountry "GER"]
[SourceTitle "EXT 2024"]
[Source "ChessBase"]
[SourceDate "2023.10.10"]
[SourceVersion "1"]
[SourceVersionDate "2023.10.10"]
[SourceQuality "1"]
[WhiteTeam "Rheine Klein Berlin"]
[BlackTeam "Metelen"]
[WhiteTeamCountry "GER"]
[BlackTeamCountry "GER"]

1. d4 d5 2. Nf3 Nf6 3. e3 e6 4. Bd3 c5 5. b3 Be7 6. Nbd2 0-0 7. Bb2 Nc6 8. 0-0 a6 9. Ne5 Nxe5 10. dxe5 Nd7 11. f4 g6 12. e4 f5 13. exf6 Bxf6 14. e5 Bg7 15. Qg4 Rf7 16. Nf3 Nf8 17. Rad1 b6 18. c4 Raa7 19. Ng5 Rfe7 20. Qe2 b5 21. Bc3 Qb6 22. Kh1 Bd7 23. Be1 Bc6 24. Bf2 Rac7 25. Rc1 d4 26. Bh4 Kh8 27. Be4 h6 28. Nf3 Rf7 29. Nd2 Rcd7 30. Rf3 d3 31. Qe3 Bxe4 32. Nxe4 Rd4 33. cxb5 g5 34. fxg5 Rxf3 35. Qxf3 d2 36. Rd1 Ng6 37. gxh6 Bxh6 38. Qf6+ 1-0

[Event "Muensterland Regionalliga Gr1 2223"]
[Site "Germany"]
[Date "2023.01.14"]
[Round "5.3"]
[White "Hegemann, Eike"]
[Black "Henneberger, Sven"]
[Result "1-0"]
[WhiteElo "1913"]
[BlackElo "2059"]
[PlyCount "75"]
[EventDate "2022.09.03"]
[EventType "team-tourn"]
[EventRounds "7"]
[EventCountry "GER"]
[SourceTitle "EXT 2024"]
[Source "ChessBase"]
[SourceDate "2023.10.10"]
[SourceVersion "1"]
[SourceVersionDate "2023.10.10"]
[SourceQuality "1"]
[WhiteTeam "Saerbeck"]
[BlackTeam "Rheine Klein Berlin"]
[WhiteTeamCountry "GER"]
[BlackTeamCountry "GER"]

1. e4 c5 2. Nf3 e6 3. b3 Nc6 4. Bb5 Qf6 5. c3 Ne5 6. Be2 Nxf3+ 7. Bxf3 Ne7 8. Na3 Nc6 9. 0-0 Bd6 10. Nc4 Bc7 11. Ba3 b5 12. e5 Nxe5 13. Bxa8 bxc4 14. Bxc5 h5 15. Bd4 Qh4 16. g3 Qe7 17. Bxe5 Bxe5 18. Qe2 Qd6 19. Rae1 Bf6 20. Qxc4 Ba6 21. Qb4 Qc7 22. c4 h4 23. Re2 Bd4 24. Kg2 Bc5 25. Qc3 0-0 26. Bf3 Qb6 27. Qc2 f5 28. Qd3 Bd4 29. Rfe1 g5 30. g4 Kg7 31. Re5 Qd6 32. c5 Bxd3 33. cxd6 fxg4 34. Rxg5+ Kh6 35. Rxg4 h3+ 36. Kg3 Bc5 37. Rh4+ Kg5 38. Rh5+ 1-0

[Event "Muensterland Regionalliga Gr1 2223"]
[Site "Germany"]
[Date "2022.09.03"]
[Round "1.3"]
[White "Henneberger, Sven"]
[Black "Kuhlenbaeumer, Willi"]
[Result "1-0"]
[WhiteElo "2059"]
[BlackElo "1935"]
[PlyCount "73"]
[EventDate "2022.09.03"]
[EventType "team-tourn"]
[EventRounds "7"]
[EventCountry "GER"]
[SourceTitle "EXT 2024"]
[Source "ChessBase"]
[SourceDate "2023.10.10"]
[SourceVersion "1"]
[SourceVersionDate "2023.10.10"]
[SourceQuality "1"]
[WhiteTeam "Rheine Klein Berlin"]
[BlackTeam "Bocholt"]
[WhiteTeamCountry "GER"]
[BlackTeamCountry "GER"]

1. Nf3 Nf6 2. d4 g6 3. b3 Bg7 4. Bb2 0-0 5. Nbd2 d5 6. e3 Bf5 7. h3 h5 8. Ne5 Nc6 9. g4 hxg4 10. hxg4 Bc8 11. g5 Ne4 12. f4 Ng3 13. Rh2 Nxf1 14. Nxf1 Nxe5 15. dxe5 c5 16. Qd2 a5 17. a4 Be6 18. Ng3 Qc7 19. Ne2 Rfd8 20. 0-0-0 b5 21. Nc3 bxa4 22. Nb5 Qc6 23. bxa4 d4 24. Qg2 Bd5 25. Qh3 Be4 26. exd4 cxd4 27. Rxd4 Rxd4 28. Bxd4 Qc4 29. Qb3 Qf1+ 30. Kb2 Rc8 31. Rf2 Qc4 32. Qxc4 Rxc4 33. Bc3 Bd5 34. Rd2 e6 35. Rd4 Rc8 36. Bxa5 Bf8 37. Bb4 1-0

[Event "Muensterland Regionalliga 1920"]
[Site "Germany"]
[Date "2020.01.11"]
[Round "5.2"]
[White "Kadenbach, Wolfgang"]
[Black "Henneberger, Sven"]
[Result "0-1"]
[WhiteElo "1775"]
[BlackElo "2058"]
[PlyCount "72"]
[EventDate "2019.09.07"]
[EventType "team-tourn"]
[EventRounds "7"]
[EventCountry "GER"]
[SourceTitle "EXT 2023"]
[Source "ChessBase"]
[SourceDate "2022.10.05"]
[SourceVersion "1"]
[SourceVersionDate "2022.10.05"]
[SourceQuality "1"]
[WhiteTeam "Raesfeld Erle II"]
[BlackTeam "Rheine Klein Berlin"]
[WhiteTeamCountry "GER"]
[BlackTeamCountry "GER"]

1. d4 Nf6 2. c4 c5 3. d5 b5 4. Nc3 b4 5. Nb1 g6 6. b3 Bg7 7. Bb2 0-0 8. g3 d6 9. Bg2 a5 10. Nd2 a4 11. Ngf3 a3 12. Bxf6 Bxf6 13. 0-0 Bb7 14. h4 e6 15. e4 Bxa1 16. Qxa1 e5 17. Nh2 Nd7 18. f4 exf4 19. Ng4 h5 20. Nh6+ Kh7 21. Nf5 gxf5 22. Bh3 Qf6 23. Bxf5+ Kg7 24. Qd1 Qd4+ 25. Kh1 Nf6 26. gxf4 Rg8 27. Qe2 Rae8 28. Nf3 Qb2 29. Qe3 Kf8 30. Ng5 Qxa2 31. e5 Qb2 32. Re1 Nxd5 33. Nh7+ Ke7 34. exd6+ Kxd6 35. Qe5+ Rxe5 36. fxe5+ Kc7 0-1

[Event "Muensterland Regionalliga 1819"]
[Site "Germany"]
[Date "2019.05.11"]
[Round "9.2"]
[White "Lehmann, Holger"]
[Black "Henneberger, Sven"]
[Result "1/2-1/2"]
[WhiteElo "2139"]
[BlackElo "2049"]
[PlyCount "85"]
[EventDate "2018.09.08"]
[EventType "team-tourn"]
[EventRounds "9"]
[EventCountry "GER"]
[SourceTitle "EXT 2020"]
[Source "ChessBase"]
[SourceDate "2019.10.17"]
[SourceVersion "1"]
[SourceVersionDate "2019.10.17"]
[SourceQuality "1"]
[WhiteTeam "Emsdetten Rochade"]
[BlackTeam "Rheine Klein Berlin"]
[WhiteTeamCountry "GER"]
[BlackTeamCountry "GER"]

1. c4 c5 2. Nc3 Nf6 3. e3 Nc6 4. d4 e6 5. Nf3 d5 6. a3 Ne4 7. Bd3 Nxc3 8. bxc3 Be7 9. 0-0 dxc4 10. Bxc4 Bf6 11. a4 0-0 12. Ba3 Be7 13. e4 Qa5 14. d5 exd5 15. exd5 Nb8 16. Bb5 Bd6 17. Qc2 h6 18. h3 Bd7 19. Bxd7 Nxd7 20. c4 Qc7 21. Bb2 Rfe8 22. Rfe1 Rad8 23. Qc3 f6 24. Qc2 Nf8 25. Bc3 Kf7 26. a5 Rxe1+ 27. Rxe1 Re8 28. Rxe8 Kxe8 29. Nh4 Kf7 30. Nf5 Qd7 31. Qe4 Ng6 32. g3 Ne7 33. Nxh6+ Ke8 34. Qh7 gxh6 35. Qh8+ Kf7 36. Qxf6+ Ke8 37. Qh8+ Kf7 38. Qxh6 Ke8 39. Qh8+ Kf7 40. Qf6+ Ke8 41. Qh8+ Kf7 42. Qf6+ Ke8 43. h4 1/2-1/2

[Event "Muensterland Regionalliga 1819"]
[Site "Germany"]
[Date "2018.09.08"]
[Round "1.2"]
[White "Boesel, Alexander"]
[Black "Henneberger, Sven"]
[Result "1/2-1/2"]
[WhiteElo "2040"]
[BlackElo "2049"]
[PlyCount "63"]
[EventDate "2018.09.08"]
[EventType "team-tourn"]
[EventRounds "9"]
[EventCountry "GER"]
[SourceTitle "EXT 2020"]
[Source "ChessBase"]
[SourceDate "2019.10.17"]
[SourceVersion "1"]
[SourceVersionDate "2019.10.17"]
[SourceQuality "1"]
[WhiteTeam "Olfen"]
[BlackTeam "Rheine Klein Berlin"]
[WhiteTeamCountry "GER"]
[BlackTeamCountry "GER"]

1. e4 e6 2. d4 d5 3. Nd2 Nf6 4. e5 Nfd7 5. Bd3 c5 6. c3 Nc6 7. Ne2 cxd4 8. cxd4 f6 9. Nf4 Nxd4 10. Qh5+ Ke7 11. exf6+ Nxf6 12. Ng6+ hxg6 13. Qxh8 Kf7 14. 0-0 e5 15. Nb3 Nxb3 16. axb3 Bf5 17. Bxf5 gxf5 18. Bg5 Bc5 19. Qh3 Kg6 20. Bh4 Qd6 21. Qg3+ Kf7 22. Qg5 Rh8 23. g4 fxg4 24. Bg3 Rh5 25. Qc1 Ne4 26. Kg2 Ng5 27. b4 Bb6 28. Qc8 Qe6 29. Qxb7+ Kg8 30. Rac1 d4 31. Qc8+ Kf7 32. Qb7+ 1/2-1/2

[Event "Muensterland Regionalliga 1617"]
[Site "Germany"]
[Date "2016.10.29"]
[Round "2.3"]
[White "Gesing, Felix"]
[Black "Henneberger, Sven"]
[Result "1-0"]
[WhiteElo "1979"]
[BlackElo "2092"]
[PlyCount "51"]
[EventDate "2016.09.17"]
[EventType "team"]
[EventRounds "9"]
[EventCountry "GER"]
[SourceTitle "EXT 2018"]
[Source "ChessBase"]
[SourceDate "2017.10.13"]
[SourceVersion "1"]
[SourceVersionDate "2017.10.13"]
[SourceQuality "1"]
[WhiteTeam "Raesfeld Erle"]
[BlackTeam "Rheine Klein Berlin"]
[WhiteTeamCountry "GER"]
[BlackTeamCountry "GER"]

1. d4 Nf6 2. Nf3 c5 3. e3 g6 4. Bd3 Bg7 5. 0-0 0-0 6. c4 Nc6 7. Nc3 cxd4 8. Nxd4 Nxd4 9. exd4 d5 10. Bg5 dxc4 11. Bxc4 Qd6 12. Re1 Ng4 13. g3 Bxd4 14. Bxe7 Bxf2+ 15. Kh1 Qxd1 16. Raxd1 Re8 17. Re2 Bb6 18. Nd5 Be6 19. Nxb6 axb6 20. Bxe6 fxe6 21. Rd7 Rxa2 22. h3 Nh6 23. g4 e5 24. Rc2 Ra1+ 25. Kg2 Rb1 26. Ba3 1-0

[Event "Muensterland Regionalliga 1516"]
[Site "Germany"]
[Date "2016.02.27"]
[Round "7.3"]
[White "Wingenfeld, Klaus"]
[Black "Henneberger, Sven"]
[Result "1/2-1/2"]
[WhiteElo "1928"]
[BlackElo "2109"]
[PlyCount "136"]
[EventDate "2015.09.05"]
[EventType "team"]
[EventRounds "9"]
[EventCountry "GER"]
[SourceTitle "EXT 2017"]
[Source "ChessBase"]
[SourceDate "2016.10.25"]
[SourceVersion "1"]
[SourceVersionDate "2016.10.25"]
[SourceQuality "1"]
[WhiteTeam "Muenster SK III"]
[BlackTeam "Rheine Klein Berlin"]
[WhiteTeamCountry "GER"]
[BlackTeamCountry "GER"]

1. e4 e6 2. d4 d5 3. Nc3 Bb4 4. e5 Qd7 5. a3 Bxc3+ 6. bxc3 b6 7. Bd3 Ba6 8. Nf3 Bxd3 9. cxd3 Nc6 10. 0-0 Nge7 11. a4 Nf5 12. Re1 0-0 13. Be3 Na5 14. Nd2 f6 15. Bf4 Rae8 16. h3 Qc6 17. Rc1 Nh4 18. exf6 Ng6 19. Bg5 gxf6 20. Bh6 Rf7 21. Nf3 Nb7 22. h4 Nd8 23. h5 Nf8 24. Nh4 Qd7 25. Qg4+ Kh8 26. Re3 e5 27. Qe2 Nc6 28. f4 Ne6 29. fxe5 fxe5 30. dxe5 d4 31. Rf3 dxc3 32. Rxf7 Qxf7 33. Rxc3 Ncd4 34. Qf2 Qxf2+ 35. Kxf2 Rg8 36. Be3 Rg4 37. Nf3 c5 38. Bxd4 Nxd4 39. Nxd4 Rxd4 40. a5 Kg7 41. axb6 axb6 42. Ke3 Kf7 43. Rb3 Ke6 44. Rxb6+ Kxe5 45. Rb7 Rg4 46. Kf3 Rf4+ 47. Kg3 Rd4 48. Re7+ Kf5 49. Re3 c4 50. dxc4 Rxc4 51. Re7 Rc3+ 52. Kh4 Rc4+ 53. Kh3 Kg5 54. Rxh7 Rh4+ 55. Kg3 Rg4+ 56. Kf3 Rf4+ 57. Ke3 Rg4 58. Rh8 Ra4 59. h6 Rb4 60. g3 Ra4 61. Kf3 Rb4 62. g4 Ra4 63. h7 Kh6 64. g5+ Kg7 65. Rf8 Kxh7 66. Rf4 Rxf4+ 67. Kxf4 Kg6 68. Kg4 Kg7 1/2-1/2

[Event "Muensterland Regionalliga 1415"]
[Site "Germany"]
[Date "2015.01.17"]
[Round "5.2"]
[White "Mohnke, Martin"]
[Black "Henneberger, Sven"]
[Result "1/2-1/2"]
[WhiteElo "1965"]
[BlackElo "2142"]
[PlyCount "33"]
[EventDate "2014.09.20"]
[EventType "team-tourn"]
[EventRounds "9"]
[EventCountry "GER"]
[SourceTitle "EXT 2016"]
[Source "ChessBase"]
[SourceDate "2015.10.08"]
[SourceVersion "1"]
[SourceVersionDate "2015.10.08"]
[SourceQuality "1"]
[WhiteTeam "Duelmen"]
[BlackTeam "Rheine Klein Berlin"]
[WhiteTeamCountry "GER"]
[BlackTeamCountry "GER"]

1. Nf3 Nf6 2. c4 c5 3. Nc3 d5 4. cxd5 Nxd5 5. d4 cxd4 6. Qxd4 Nxc3 7. Qxc3 Nc6 8. e4 a6 9. Bc4 Qa5 10. Bd2 Qxc3 11. Bxc3 e6 12. a3 b5 13. Be2 Bb7 14. 0-0 Ne7 15. a4 b4 16. Bxb4 Bxe4 17. Rfd1 1/2-1/2

[Event "Muensterland Verbandsliga 1213"]
[Site "Germany"]
[Date "2013.02.02"]
[Round "6.3"]
[White "Henneberger, Sven"]
[Black "Greifenberg, Daniel"]
[Result "0-1"]
[WhiteElo "2090"]
[BlackElo "1937"]
[PlyCount "50"]
[EventDate "2012.09.22"]
[EventType "team-tourn"]
[EventRounds "9"]
[EventCountry "GER"]
[SourceTitle "EXT 2015"]
[Source "ChessBase"]
[SourceDate "2014.11.20"]
[SourceVersion "1"]
[SourceVersionDate "2014.11.20"]
[SourceQuality "1"]
[WhiteTeam "Rheine Klein Berlin"]
[BlackTeam "Raesfeld Erle"]
[WhiteTeamCountry "GER"]
[BlackTeamCountry "GER"]

1. d4 d5 2. Nf3 Nf6 3. e3 c5 4. Bd3 Nc6 5. b3 cxd4 6. exd4 Bg4 7. Bb2 e6 8. a3 Bd6 9. Nbd2 Qc7 10. 0-0 Bxh2+ 11. Kh1 h5 12. Qe1 Bf4 13. Ne5 Nxe5 14. dxe5 Nd7 15. f3 Nxe5 16. Bb5+ Kf8 17. c4 Nd3 18. Qe2 Nxb2 19. Ra2 a6 20. cxd5 exd5 21. Re1 axb5 22. Rxb2 Bd7 23. Qd3 Bg3 24. Rd1 Qf4 25. Nf1 Bc6 0-1

[Event "Muensterland Verbandsliga 1213"]
[Site "Germany"]
[Date "2012.10.27"]
[Round "2.3"]
[White "Henneberger, Sven"]
[Black "Wendker, Christian"]
[Result "1-0"]
[WhiteElo "2090"]
[BlackElo "1955"]
[PlyCount "33"]
[EventDate "2012.09.22"]
[EventType "team-tourn"]
[EventRounds "9"]
[EventCountry "GER"]
[SourceTitle "EXT 2015"]
[Source "ChessBase"]
[SourceDate "2014.11.20"]
[SourceVersion "1"]
[SourceVersionDate "2014.11.20"]
[SourceQuality "1"]
[WhiteTeam "Rheine Klein Berlin"]
[BlackTeam "Ostbevern Westbevern"]
[WhiteTeamCountry "GER"]
[BlackTeamCountry "GER"]

1. Nf3 f5 2. b3 d6 3. d4 Nf6 4. Bb2 g6 5. e3 Bg7 6. Bd3 e6 7. Nbd2 Qe7 8. e4 Nbd7 9. Qe2 Nh5 10. g3 0-0 11. exf5 gxf5 12. Nh4 Qf7 13. 0-0-0 c5 14. Nc4 cxd4 15. Nxd6 Nf4 16. gxf4 Qf6 17. Nf3 1-0

[Event "NRW Class1 1112"]
[Site "Germany"]
[Date "2011.12.04"]
[Round "4.6"]
[White "Limberg, Matthias"]
[Black "Henneberger, Sven"]
[Result "1/2-1/2"]
[WhiteElo "2019"]
[BlackElo "2080"]
[PlyCount "80"]
[EventDate "2011.09.18"]
[EventType "team-tourn"]
[EventRounds "9"]
[EventCountry "GER"]
[SourceTitle "EXT 2015"]
[Source "ChessBase"]
[SourceDate "2014.11.20"]
[SourceVersion "1"]
[SourceVersionDate "2014.11.20"]
[SourceQuality "1"]
[WhiteTeam "Oberhausen"]
[BlackTeam "Rheine Klein Berlin"]
[WhiteTeamCountry "GER"]
[BlackTeamCountry "GER"]

1. d4 Nf6 2. Bf4 c5 3. e3 g6 4. c3 cxd4 5. exd4 Bg7 6. Nf3 0-0 7. Bc4 d6 8. 0-0 Nc6 9. Re1 Qc7 10. Bb3 Nh5 11. Bg5 e5 12. dxe5 dxe5 13. Na3 h6 14. Be3 a6 15. Nc4 b5 16. Qd6 Qxd6 17. Nxd6 Be6 18. Bxe6 fxe6 19. Bc5 Nf4 20. Rad1 Rfd8 21. g3 Nd5 22. Ne4 Rd7 23. Rd2 Rf7 24. Kg2 g5 25. h3 Rd7 26. Red1 Rad8 27. Ba3 Kf7 28. Bc5 Bf6 29. b3 Bg7 30. Kg1 Kg6 31. g4 Rf7 32. c4 bxc4 33. bxc4 Rxf3 34. cxd5 exd5 35. Rxd5 Rxd5 36. Rxd5 Nd4 37. Kg2 Rf4 38. Ng3 Ne6 39. Be3 Ra4 40. Rd2 Bf8 1/2-1/2

[Event "NRW Class2 1011"]
[Site "Germany"]
[Date "2011.02.20"]
[Round "7.6"]
[White "Henneberger, Sven"]
[Black "Wicht, Juergen"]
[Result "1/2-1/2"]
[WhiteElo "2119"]
[BlackElo "2149"]
[PlyCount "24"]
[EventDate "2010.09.26"]
[EventType "team-tourn"]
[EventRounds "9"]
[EventCountry "GER"]
[SourceTitle "EXT 2012"]
[Source "ChessBase"]
[SourceDate "2011.11.24"]
[SourceVersion "1"]
[SourceVersionDate "2011.11.24"]
[SourceQuality "1"]
[WhiteTeam "Rheine Klein Berlin"]
[BlackTeam "Elberfeld"]
[WhiteTeamCountry "GER"]
[BlackTeamCountry "GER"]

1. e4 d6 2. d4 Nf6 3. Nc3 e5 4. dxe5 dxe5 5. Qxd8+ Kxd8 6. Bg5 Be6 7. 0-0-0+ Kc8 8. Bxf6 gxf6 9. Kb1 c6 10. g3 Bh6 11. Bh3 Kc7 12. f3 Nd7 1/2-1/2

[Event "NRW Class2 1011"]
[Site "Germany"]
[Date "2011.01.30"]
[Round "6.7"]
[White "Henneberger, Sven"]
[Black "Weber, Franz Josef"]
[Result "1-0"]
[WhiteElo "2119"]
[BlackElo "2102"]
[PlyCount "95"]
[EventDate "2010.09.26"]
[EventType "team-tourn"]
[EventRounds "9"]
[EventCountry "GER"]
[SourceTitle "EXT 2012"]
[Source "ChessBase"]
[SourceDate "2011.11.24"]
[SourceVersion "1"]
[SourceVersionDate "2011.11.24"]
[SourceQuality "1"]
[WhiteTeam "Rheine Klein Berlin"]
[BlackTeam "Monheim"]
[WhiteTeamCountry "GER"]
[BlackTeamCountry "GER"]

1. e4 d6 2. d4 Nf6 3. Nc3 g6 4. Be3 Bg7 5. f3 a6 6. Qd2 Nc6 7. Nge2 b5 8. a4 b4 9. Nd5 Rb8 10. Nxf6+ Bxf6 11. Bg5 e5 12. Bxf6 Qxf6 13. d5 Na5 14. Nc1 0-0 15. Nb3 Nxb3 16. cxb3 a5 17. Rc1 Qe7 18. Bb5 f5 19. 0-0 fxe4 20. fxe4 Rxf1+ 21. Bxf1 Bb7 22. Qe3 Ra8 23. Bb5 Rf8 24. Qa7 Qg5 25. Rf1 Rxf1+ 26. Bxf1 Bc8 27. Qa8 Qe3+ 28. Kh1 Qc1 29. Qxc8+ Kg7 30. Qa6 Qxb2 31. Qc4 Kh6 32. Qd3 Qc1 33. Qf3 Kg7 34. h3 Qe1 35. Kh2 Qd2 36. Qd3 Qf4+ 37. Kh1 Kh6 38. Qc4 Kg5 39. Be2 Qe3 40. Qd3 Qc1+ 41. Kh2 Kh6 42. Qf3 Kg7 43. Bc4 Qd2 44. Qg4 h5 45. Qf3 Qe1 46. Bb5 Kh6 47. Be8 h4 48. Qg4 1-0

[Event "NRW Class1 0910"]
[Site "Germany"]
[Date "2010.04.25"]
[Round "9.5"]
[White "Hoeren, Andreas"]
[Black "Henneberger, Sven"]
[Result "1/2-1/2"]
[WhiteElo "2118"]
[BlackElo "2133"]
[PlyCount "91"]
[EventDate "2009.09.20"]
[EventType "team-tourn"]
[EventRounds "9"]
[EventCountry "GER"]
[SourceTitle "EXT 2011"]
[Source "ChessBase"]
[SourceDate "2010.11.26"]
[SourceVersion "1"]
[SourceVersionDate "2010.11.26"]
[SourceQuality "1"]
[WhiteTeam "Koeln Lasker"]
[BlackTeam "Rheine"]
[WhiteTeamCountry "GER"]
[BlackTeamCountry "GER"]

1. d4 Nf6 2. Nc3 c5 3. d5 e6 4. e4 a6 5. a4 e5 6. Nf3 d6 7. a5 Bg4 8. Be2 Bxf3 9. Bxf3 Be7 10. 0-0 0-0 11. Qe2 Nbd7 12. Nd1 b5 13. axb6 Qxb6 14. Ne3 Rfb8 15. Nc4 Qb5 16. b3 a5 17. Ra4 Nb6 18. Nxb6 Qxb6 19. Bd2 Ra7 20. Rfa1 Rba8 21. Qe1 Bd8 22. g3 h6 23. Be2 Qc7 24. Bb5 Qc8 25. Kg2 Rb8 26. Bd3 Rba8 27. h3 Bb6 28. Bxa5 Bxa5 29. Rxa5 Qc7 30. Rxa7 Rxa7 31. Qc3 Qb7 32. Rxa7 Qxa7 33. b4 Nd7 34. b5 Nb6 35. Qb3 Qa5 36. Bf1 Qe1 37. Qf3 Qb4 38. Qe3 Qa5 39. c4 Qa2 40. Qd3 Kf8 41. h4 Kg8 42. g4 Nd7 43. Qe2 Qb1 44. Qd3 Qa2 45. Qe2 Qa1 46. Qf3 1/2-1/2

[Event "NRW Class1 0910"]
[Site "Germany"]
[Date "2010.03.21"]
[Round "8.5"]
[White "Henneberger, Sven"]
[Black "Gruermann, Martin"]
[Result "1/2-1/2"]
[WhiteElo "2133"]
[BlackElo "2089"]
[PlyCount "62"]
[EventDate "2009.09.20"]
[EventType "team-tourn"]
[EventRounds "9"]
[EventCountry "GER"]
[SourceTitle "EXT 2011"]
[Source "ChessBase"]
[SourceDate "2010.11.26"]
[SourceVersion "1"]
[SourceVersionDate "2010.11.26"]
[SourceQuality "1"]
[WhiteTeam "Rheine"]
[BlackTeam "Letmathe"]
[WhiteTeamCountry "GER"]
[BlackTeamCountry "GER"]

1. e4 c5 2. Nf3 e6 3. d3 Nc6 4. g3 d5 5. Nbd2 g6 6. Bg2 Bg7 7. 0-0 Nge7 8. Re1 b6 9. exd5 Nxd5 10. Nc4 0-0 11. Bg5 f6 12. Bd2 e5 13. Qc1 Bb7 14. Bh6 Qd7 15. Bxg7 Kxg7 16. Qd2 Rad8 17. Rad1 Rfe8 18. Rc1 Nc7 19. Re2 Nb5 20. Qe3 Ncd4 21. Nxd4 Nxd4 22. Ree1 Bxg2 23. Kxg2 Qd5+ 24. Qe4 Qxe4+ 25. dxe4 Nc6 26. c3 Rd7 27. Red1 Red8 28. Ne3 Rd2 29. Rxd2 Rxd2 30. Rc2 Rxc2 31. Nxc2 Kf7 1/2-1/2

[Event "NRW Class1 0910"]
[Site "Germany"]
[Date "2010.01.31"]
[Round "6.5"]
[White "Henneberger, Sven"]
[Black "Waldschmidt, Georg"]
[Result "1/2-1/2"]
[WhiteElo "2133"]
[BlackElo "2215"]
[PlyCount "92"]
[EventDate "2009.09.20"]
[EventType "team-tourn"]
[EventRounds "9"]
[EventCountry "GER"]
[SourceTitle "EXT 2011"]
[Source "ChessBase"]
[SourceDate "2010.11.26"]
[SourceVersion "1"]
[SourceVersionDate "2010.11.26"]
[SourceQuality "1"]
[WhiteTeam "Rheine"]
[BlackTeam "Herne Sodingen"]
[WhiteTeamCountry "GER"]
[BlackTeamCountry "GER"]

1. d4 Nf6 2. Nf3 g6 3. b3 Bg7 4. Bb2 c5 5. e3 0-0 6. Bd3 cxd4 7. exd4 Nc6 8. 0-0 d5 9. h3 Nb4 10. Re1 Nxd3 11. Qxd3 Bf5 12. Qe2 Re8 13. Ne5 Rc8 14. c4 dxc4 15. bxc4 b5 16. c5 Nd5 17. Nc3 Nf4 18. Qe3 Bh6 19. Kh2 Kg7 20. d5 f6 21. Nc6 Rxc6 22. dxc6 Nxg2 23. Qf3 Nxe1 24. Rxe1 Qd2 25. Re2 Qf4+ 26. Qxf4 Bxf4+ 27. Kg2 Kf7 28. Nd5 g5 29. Bc3 Bd3 30. Re1 Bc4 31. Nxf4 gxf4 32. Kf3 Bd5+ 33. Kxf4 Bxc6 34. Rd1 e5+ 35. Kf5 Ke7 36. Rd6 Bd7+ 37. Ke4 Bxh3 38. Ra6 Ra8 39. f4 Bg2+ 40. Kf5 Bh3+ 41. Ke4 Bc8 42. Rd6 Bb7+ 43. Kf5 Bc8+ 44. Ke4 Be6 45. fxe5 fxe5 46. a3 Rd8 1/2-1/2

[Event "NRW Class1 0910"]
[Site "Germany"]
[Date "2009.12.21"]
[Round "4.4"]
[White "Henneberger, Sven"]
[Black "Brueggemann, Juergen"]
[Result "1/2-1/2"]
[WhiteElo "2133"]
[BlackElo "2230"]
[PlyCount "87"]
[EventDate "2009.09.20"]
[EventType "team-tourn"]
[EventRounds "9"]
[EventCountry "GER"]
[SourceTitle "EXT 2011"]
[Source "ChessBase"]
[SourceDate "2010.11.26"]
[SourceVersion "1"]
[SourceVersionDate "2010.11.26"]
[SourceQuality "1"]
[WhiteTeam "Rheine"]
[BlackTeam "Rheydt"]
[WhiteTeamCountry "GER"]
[BlackTeamCountry "GER"]

1. d4 d5 2. Nf3 e6 3. e3 Nf6 4. Bd3 Be7 5. Nbd2 b6 6. b3 Bb7 7. Bb2 0-0 8. 0-0 Ne4 9. c4 Nd7 10. Ne5 Nxe5 11. Bxe4 dxe4 12. dxe5 Bb4 13. Nb1 Qxd1 14. Rxd1 Rfd8 15. Nc3 Bxc3 16. Bxc3 Kf8 17. Kf1 Ke7 18. Ke2 Rxd1 19. Rxd1 Rd8 20. Rd4 c5 21. Rd6 g6 22. Rxd8 Kxd8 23. f4 exf3+ 24. gxf3 Bc6 25. e4 Kd7 26. Bd2 Bb7 27. Be3 Bc6 28. a4 Bb7 29. Kf2 Ke7 30. Bg5+ Ke8 31. Kg3 Bc6 32. Kh4 Bb7 33. Bd2 Ke7 34. Kg5 h5 35. Kh6 Bc6 36. Kg7 Bb7 37. Kg8 Bc6 38. Bh6 Ke8 39. Bf8 g5 40. Bd6 g4 41. fxg4 hxg4 42. Bb8 a6 43. Ba7 Bxe4 44. Bxb6 1/2-1/2

[Event "Muensterland Verbandsliga 0809"]
[Site "Germany"]
[Date "2009.03.21"]
[Round "8.3"]
[White "Henneberger, Sven"]
[Black "Doennebrink, Elmar"]
[Result "1-0"]
[WhiteElo "2133"]
[BlackElo "2160"]
[PlyCount "73"]
[EventDate "2008.09.20"]
[EventType "team-tourn"]
[EventRounds "9"]
[EventCountry "GER"]
[SourceTitle "EXT 2010"]
[Source "ChessBase"]
[SourceDate "2010.11.25"]
[SourceVersion "1"]
[SourceVersionDate "2010.11.25"]
[SourceQuality "1"]
[WhiteTeam "Rheine Klein Berlin"]
[BlackTeam "Suedlohn"]
[WhiteTeamCountry "GER"]
[BlackTeamCountry "GER"]

1. d4 d5 2. Nf3 Nf6 3. e3 e6 4. Bd3 c5 5. b3 Nc6 6. Bb2 b6 7. Nbd2 Bd6 8. 0-0 0-0 9. Ne5 Bb7 10. f4 a6 11. c4 Nb4 12. Bb1 b5 13. Qf3 Qb6 14. cxb5 cxd4 15. Bxd4 Bc5 16. Qh3 Rfd8 17. Ndf3 Bxd4 18. exd4 axb5 19. Rd1 h6 20. g4 Nc6 21. g5 hxg5 22. Nxg5 Nxe5 23. fxe5 Ne4 24. Qh7+ Kf8 25. Bxe4 dxe4 26. Qh5 Rd7 27. Qh8+ Ke7 28. Qxg7 Ke8 29. Qg8+ Ke7 30. Qxf7+ Kd8 31. Nxe6+ Qxe6 32. Qxe6 Rg7+ 33. Kf2 Ra6 34. Qf5 Ke8 35. Qh5+ Rf7+ 36. Ke3 Ke7 37. Rf1 1-0

[Event "Muensterland Verbandsliga 0809"]
[Site "Germany"]
[Date "2009.01.31"]
[Round "6.3"]
[White "Henneberger, Sven"]
[Black "Rehfeldt, Frank"]
[Result "1/2-1/2"]
[WhiteElo "2133"]
[BlackElo "2082"]
[PlyCount "76"]
[EventDate "2008.09.20"]
[EventType "team-tourn"]
[EventRounds "9"]
[EventCountry "GER"]
[SourceTitle "EXT 2010"]
[Source "ChessBase"]
[SourceDate "2010.11.25"]
[SourceVersion "1"]
[SourceVersionDate "2010.11.25"]
[SourceQuality "1"]
[WhiteTeam "Rheine Klein Berlin"]
[BlackTeam "Westbevern"]
[WhiteTeamCountry "GER"]
[BlackTeamCountry "GER"]

1. e4 c6 2. d4 d5 3. exd5 cxd5 4. Bd3 Nc6 5. c3 Qc7 6. Ne2 Nf6 7. Bf4 Qb6 8. Qb3 Qxb3 9. axb3 g6 10. b4 Bf5 11. Bxf5 gxf5 12. b5 Nd8 13. Be5 Bg7 14. Nf4 e6 15. Nd2 Rg8 16. Bxf6 Bxf6 17. Nf3 b6 18. Ra6 Kd7 19. 0-0 Kc7 20. Rfa1 Kb8 21. Nd3 Re8 22. b3 Re7 23. Rc1 Rc7 24. c4 Nb7 25. c5 Na5 26. cxb6 Rxc1+ 27. Nxc1 axb6 28. Rxb6+ Kc7 29. Ra6 Rxa6 30. bxa6 Kb6 31. Kf1 Kxa6 32. Ke2 Kb5 33. Kd3 Kb4 34. Kc2 Nc6 35. Nd3+ Ka3 36. Kc3 Na7 37. Nde5 Nb5+ 38. Kd3 Nd6 1/2-1/2